| 000 | 00546nam a22001577a 4500 | ||
|---|---|---|---|
| 003 | 0 | ||
| 005 | 20231106143019.0 | ||
| 008 | 230313b xxu||||| |||| 00| 0 eng d | ||
| 050 |
_aRJ 499 _b.C35 2022 |
||
| 100 | _aCourtney Love Q. Calinisan | ||
| 245 |
_aSeperation anxiety and psychological well-being of skilled overseas filipino workers _cCourtney Love Q. Calinisan |
||
| 260 |
_aLas Pinas City _bSouthville International School and Colleges _cC2022 |
||
| 300 |
_aviii,313pp. _c28cm. _fTheses |
||
| 500 | _aSeparation anxiety. | ||
| 942 |
_2lcc _cTH |
||
| 999 |
_c364934 _d364934 |
||